Quizzes
Events
Quiz Creation
Community
Videos
Private Events
Remove Ads
Sign In
Join for FREE
Feedback
Dark Mode
Quiz Categories
Sports
Geography
Music
Movies
Television
Just For Fun
Miscellaneous
History
Literature
Language
Science
Gaming
Entertainment
Religion
Holiday
For Kids
Quiz Lab
Recent
Popular Today
Quiz Kudos Today
Editor Picks
Curator Picks
Quizzes by...
Day
Popularity
Type
Ratings
Length
Year
Community
Subscriptions
Recent Discussions
Orange Saloon
Badges
Playlists
Quests
Create
Leaderboards
Showdown
Live 5
Trivia Bingo
Activity
Puzzle Library
Sporcle Events
Private Events
Virtual Trivia
Globe League
Become a Host
Pub Owners
SporcleCon
Opinionation
Our Games
Videos
Blog
Mobile Apps
Partnerships
Remove Ads and Go Orange
Feedback
Geography
Country
Landmarks
City
State
Population
World
Capital
Continent
Flags
Europe
Africa
Asia
South America
North America
Oceania
Border
Canada
United Kingdom
Topography
United States
Geography
Country
Landmarks
City
State
Population
World
Capital
Continent
Flags
Europe
Africa
Asia
South America
North America
Oceania
Border
Canada
United Kingdom
Topography
United States
Random Quiz
Search Sporcle
×
Editor Pick
Editor Pick
Geography
City
Type in answers that appear in a list
Type in answers that appear in a list
Classic
Best Score? Go Orange.
German cities by license plates Stats
Can you name the largest German cities by the codes in their license plates?
By
dancastro
8m
40 Questions
5,577 Plays
5,577 Plays
5,577 Plays
Comments
Comments
Give Quiz Kudos
Give Quiz Kudos
-
- Ratings
hide this ad
Replay
Link that replays current quiz
Next Quiz
Link to next quiz in quiz playlist
You Got
0%
They Got
Avg Score
62%
Avg Friend Score
Upgrade to see
Score Distribution
Jump to the score distribution portion of the page
Score
0/40
Timer
08:00
0
Plays Today
Code in plate
City
% Correct
B
Berlin
99.7%
M
München (Munich)
97.8%
HH
[Hansestadt] Hamburg
96.6%
F
Frankfurt am Main
95.3%
K
Köln (Cologne)
91%
D
Düsseldorf
88%
S
Stuttgart
84.4%
DO
Dortmund
82.6%
E
Essen
79.8%
H
Hannover
77.2%
N
Nürnberg (Nuremberg)
76.4%
DD
Dresden
76%
L
Leipzig
73.8%
HB
[Hansestadt] Bremen
71.3%
BN
Bonn
69.4%
MZ
Mainz
64.9%
AC
Aachen
62.9%
DU
Duisburg
60.1%
MA
Mannheim
58.7%
KI
Kiel
56.7%
Code in plate
City
% Correct
BO
Bochum
56.2%
KA
Karlsruhe
55.3%
BI
Bielefeld
54.5%
WI
Wiesbaden
54.3%
FR
Freiburg im Breisgau
53.3%
A
Augsburg
53%
HAL
Halle (Saale)
50.2%
MD
Magdeburg
50%
W
Wuppertal
49.2%
EF
Erfurt
48.2%
GE
Gelsenkirchen
47.2%
C
Chemnitz
45.6%
HRO
[Hansestadt] Rostock
44.5%
KS
Kassel
43.1%
MG
Mönchengladbach
43%
HL
[Hansestadt] Lübeck
42.9%
MS
Münster
39.1%
OB
Oberhausen
37.5%
BS
Braunschweig (Brunswick)
33.4%
KR
Krefeld
32.5%
Quiz Playlist
Details
Report
Send in Message
Add To Playlist
Classic:
Type in answers that appear in a list
Quiz Source
Last Updated: Apr 18, 2017
Editor Pick in
Geography
Curator Pick in
City
Quiz Scoreboard
CHALLENGE
Sign Up to Join the Scoreboard
Show All
Scores
Hide
Comments
May contain spoilers
Recently Published
Street Fighter Characters
by Artimus82
Gaming
60s
9x9 Crossword: Cartoon Network
by jackfrog10
Miscellaneous
3m
College Basketball Coaching Resumes
by pancakes188
Sports
9m
More to Explore
Quiz From the Vault
Featured Blog Post
Where Did the Easter Bunny Come From?
hide this ad
You Might Also Like...
Tags
City Quiz
Europe Quiz
German Quiz
Population Quiz
code
Germany
largest
license
plate
Today's Top Quizzes in Geography
Browse Geography
hide this ad
Today's Top Quizzes in City
Browse City
Top Contributed Quizzes in Geography
1
Countries of the World - No Outlines Minefield
2
Top 25 Cities of France on a map
3
Any capital of a 'B' country per Continent
4
Any capital of a 'C' country per Continent
5
Closest Countries to UK A-Z
6
Any capital of a 'D' country per Continent
7
5-to-1: US Geography No Hints
8
Any capital of an 'E' country per Continent
9
Find the US States - No Outlines
10
Any capital of an 'F' country per Continent
Explore More
Trending Topics
Harry Potter
Kpop
Marvel
Crossword
Anime
NBA
Disney
The Office
Song
NFL
Puzzle
WWE
Country
Soccer
Pokémon
hide this ad
More By:
dancastro
Quiz
Plays
Rating
Category
Featured
Created
Longest Countries
193,271
4.66
Geography
Sep 16, 2010
Slimmest Countries
148,290
4.36
Geography
Oct 10, 2010
Eccentric State Capitals
107,250
4.39
Geography
Jan 9, 2011
Nearest Countries With The Same Initial
100,209
4.78
Geography
Nov 3, 2010
Longest Countries II (All-Inclusive)
72,579
4.71
Geography
Oct 3, 2010
Go to Creator's Profile
Score Distribution
Quiz Creator Spotlight
dancastro
Follow
Send a Message
Quizzes Created
-
Created Quiz Play Count
-
More By This Creator
Popular Quizzes Today
1
Find the US States - No Outlines Minefield
2
Find the Countries of Europe - No Outlines Minefield
3
The Countries of the World
4
Find the US States
5
Risky Map Clicking: Biggest States A-Z
6
US States
7
Popular People in 1961
8
Movies - When Are They Set?
More Geography Quizzes
Closest Countries to Switzerland
Curator's Pick
Trending Quizzes
Risky Map Clicking: Least Populous States A-Z
1-10 Letter G Words
Risky Map Clicking: Next State Alphabetically
Adjectives in 80s TV Shows
The Seven Year Switch: Catherine
Recently Updated
Leaping Animals
pecheneg
Reality TV Shows (A-Z)
bhenderson79
Rickey Henderson's Hall of Fame Teammates
pecheneg
Champions League XIs: Arsenal
pecheneg
Quick Pick: Celebrities in WWE's Hall of Fame
aduchscher
A-Z Keypad Blitz II
pecheneg
Multiple Oscar Actors
pecheneg
Mystery Phrase Blitz: Oscar 'Best Actors'
pecheneg
F. Scott Fitzgerald Novels
LTH
Pick 3 Villains
ddd62291
Trending Topics
Disney
Marvel
NBA
Crossword
Kpop
Harry Potter
Anime
WWE
NFL
Soccer
Pokémon
The Office
Puzzle
Song
Country
Your Account Isn't Verified!
In order to create a playlist on Sporcle, you need to verify the email address you used during registration. Go to your
Sporcle Settings
to finish the process.
Report this User
Report this user for behavior that violates our
Community Guidelines
.
Details:
Send Report
Go to the Sporcle.com Mobile Site →
Comments